Top 50 80's Movies - Statistics

General Stats
  • This quiz has been taken 4,238 times
    4,232 since last reset
  • The average score is 27 of 50
Answer Stats
HINT ANSWER % Correct
A troubled child summons the courage to help a friendly alien escape Earth and return to his home-world. E.T. The Extra Terrestrial
93%
A teenager is accidentally sent 30 years into the past in a time-traveling DeLorean Back to the Future
91%
A handyman/martial arts master agrees to teach a bullied boy karate The Karate Kid
86%
Three unemployed parapsychology professors set up shop as a unique ghost removal service. Ghostbusters
84%
Rocky has been holding the title as the heavyweight champion until he is defeated by a brutal challenger Rocky III
81%
Archeologist and adventurer Indiana Jones is hired by the US government to find the Ark of the Covenant before the Nazis. Indiana Jones Raiders of the Lost Ark
78%
Luke Skywalker takes advanced Jedi training with Master Yoda Star Wars The Empire Strikes Back
78%
Rebels attempt to destroy the Second Death Star Star Wars Return of the Jedi
77%
A freewheeling Detroit cop pursuing a murder investigation finds himself dealing with the very different culture of Beverly Hills. Beverly Hills Cop
76%
A boy inadvertantly breaks 3 important rules concerning his new pet Gremlins
73%
A group of kids set out on an adventure in search of pirate treasure that could save their homes from foreclosure. The Goonies
71%
A city teenager moves to a small town where rock music and dancing have been banned Footloose
69%
As students at the Navy's elite fighter weapons school compete to be best in the class Top Gun
69%
"Five high school students, all different stereotypes, meet in detention" The Breakfast Club
68%
The Dark Knight of Gotham City begins his war on crime with his first major enemy being the clownishly homicidal Joker. Batman
64%
"A high school wise guy is determined to have a day off from school, despite of what the principal thinks of that." Ferris Bueller's Day Off
64%
Goes to the heart of Russia for 15 pile-driving boxing rounds of revenge. Rocky IV
63%
"In the dreams of his victims, a spectral child murderer stalks the children" A Nightmare on Elm Street
62%
"After arriving in India, Indiana Jones is asked by a desperate village to find a mystical stone." Indiana Jones & the Temple of Doom
62%
An unorthodox and irreverent DJ begins to shake up things when he is assigned to the US Armed Services Radio station in Vietnam. Good Morning Vietnam
61%
Three bachelors find themselves forced to take care of a baby left by one of the guys' girlfriends. Three Men and a Baby
60%
"After visiting 2015, Marty McFly must repeat his visit to 1955" Back to the Future Part 2
59%
"A young girl's ""sweet sixteenth"" birthday becomes anything but special" Sixteen Candles
59%
"John McClane, officer of the NYPD" Die Hard
58%
A Pittsburgh woman with two jobs as a welder and an exotic dancer wants to get into ballet school. Flashdance
57%
Camp Crystal Lake is shut down Friday the 13th
57%
"Two high school nerds attempt to create the perfect woman, but she turns out to be more than that." Weird Science
55%
A toon hating detective is a cartoon rabbit's only hope to prove his innocence when he is accused of murder. Who Framed Roger Rabbit
55%
Axel Foley returns to Beverly Hills to help Taggart and Rosewood Beverly Hills Cop 2
53%
An American reporter goes to the Australian outback Crocodile Dundee
53%
"An African prince goes to Queens, New York City to find a wife whom he can respect for her intelligence and will." Coming to America
52%
A vengeful barbarian warrior sets off to avenge his tribe and his parents whom were slain by an evil sorcerer Conan the Barbarian
51%
"A team of commandos, on a mission in a Central American jungle, find themselves hunted by an extra-terrestrial warrior." Predator
51%
"In a dystopic and crime-ridden Detroit, a terminally wounded cop returns" RoboCop
51%
A family's home is haunted by a host of ghosts. Poltergeist
50%
A snobbish investor and a wily street con artist find their positions reversed as part of a bet by two callous millionaires. Trading Places
47%
"A veteran cop, Murtaugh, is partnered with a young suicidal cop, Riggs." Lethal Weapon
46%
When Dr. Henry Jones Sr. suddenly goes missing while pursuing the Holy Grail Indiana Jones and the Last Crusade
44%
A young recruit in Vietnam faces a moral crisis when confronted with the horrors of war and the duality of man. Platoon
42%
Selfish yuppie Charlie Babbitt's father left a fortune to his savant brother Raymond Rain Man
42%
A troubled boy dives into a wonderous fantasy world through the pages of a mysterious book. The Neverending Story
42%
Two seemingly dumb teens struggle to prepare a historical presentation with the help of a time machine. Bill & Ted's Excellent Adventure
39%
"A Group of friends, just out of college, struggle with adulthood." St. Elmo's Fire
32%
Released from prison by the government for a top-secret covert mission Rambo First Blood Part 2
25%
"A story of a group of California teenagers who enjoy malls, sex and rock n' roll." Fast Times at Ridgemont High
23%
A reluctant dwarf must play a critical role in protecting a special baby from an evil queen. Willow
23%
"Frank Dux has spent most his life being trained by Tanaka to participate in the Kumite, the ultimate martial arts tournament" Bloodsport
17%
"After a single, career-minded woman is left on her own to give birth to the child of a married man, she finds a new romantic chance in a cab driver." Look Who's Talking
16%
Aurora and Emma are mother and daughter who march to different drummers. Terms of Endearment
11%
A talented young man can't get an executive position without rising through the ranks The Secret of My Success
9%
No matching quizzes found
Score Distribution
Percent of People with Each Score
Percentile by Number Answered
Your Score History
You have not taken this quiz since the last reset